00390nam a2200157Ia 4500008004100000020001500041041001200056082001600068100001700084245005800101250000800159260002500167300000800192650001400200700001800214221030s9999 xx 000 0 und d a0070530947 aEnglish a105.23bKuc aP. W. Kuchel 0aSchaum`s Biochemistrycby P. W. Kuchel, G. B. Ralstan a2nd bTMHaNew Delhic2005 a559 aChemistry aG. B. Ralstan